[Event "Open Praha 2018 - A"]
[Site "?"]
[Date "2018.01.15"]
[Round "5"]
[White "Melamed, Tatiana"]
[Black "Taranenko, Evgueniy"]
[Result "1/2-1/2"]
[BlackElo "2154"]
[WhiteElo "2347"]
[LiveChessVersion "1.4.8"]

1. e4 {[%clk 1:30:55]} Nc6 {[%clk 1:30:45]} 2. Nf3 {[%clk 1:30:04]} d6
{[%clk 1:31:06]} 3. d4 {[%clk 1:28:30]} Nf6 {[%clk 1:31:26]} 4. Nc3
{[%clk 1:28:06]} g6 {[%clk 1:31:39]} 5. Bb5 {[%clk 1:23:34]} a6 {[%clk 1:31:25]}
6. Bxc6+ {[%clk 1:23:02]} bxc6 {[%clk 1:31:50]} 7. h3 {[%clk 1:22:25]} Bg7
{[%clk 1:32:05]} 8. O-O {[%clk 1:21:55]} O-O {[%clk 1:32:20]} 9. Re1
{[%clk 1:16:18]} Rb8 {[%clk 1:25:22]} 10. Rb1 {[%clk 1:13:25]} h6
{[%clk 1:22:13]} 11. Be3 {[%clk 1:10:05]} Nd7 {[%clk 1:18:35]} 12. Qd2
{[%clk 1:03:59]} Kh7 {[%clk 1:18:48]} 13. b3 {[%clk 0:59:28]} f6 {[%clk 1:13:44]}
14. Rbd1 {[%clk 0:49:52]} e5 {[%clk 1:12:04]} 15. Na4 {[%clk 0:45:31]} Qe8
{[%clk 1:00:10]} 16. c4 {[%clk 0:42:38]} exd4 {[%clk 0:57:55]} 17. Nxd4
{[%clk 0:41:48]} c5 {[%clk 0:58:15]} 18. Nc6 {[%clk 0:39:03]} Rb7
{[%clk 0:57:58]} 19. Na5 {[%clk 0:35:55]} Rb8 {[%clk 0:57:59]} 20. Nc6
{[%clk 0:35:45]} Rb7 {[%clk 0:58:21]} 21. Nc3 {[%clk 0:35:43]} Ne5
{[%clk 0:50:33]} 22. Na5 {[%clk 0:29:43]} Rb8 {[%clk 0:50:56]} 23. Nd5
{[%clk 0:26:56]} Rf7 {[%clk 0:46:52]} 24. f4 {[%clk 0:20:51]} Nc6
{[%clk 0:46:51]} 25. Nxc7 {[%clk 0:16:33]} Rxc7 {[%clk 0:43:18]} 26. Qxd6
{[%clk 0:16:57]} Qf7 {[%clk 0:33:11]} 27. Nxc6 {[%clk 0:10:46]} Rb6
{[%clk 0:33:12]} 28. Nd8 {[%clk 0:05:39]} Rxd6 {[%clk 0:33:13]} 29. Nxf7
{[%clk 0:06:01]} Rxd1 {[%clk 0:33:33]} 30. Rxd1 {[%clk 0:06:26]} Rxf7
{[%clk 0:33:58]} 31. Bxc5 {[%clk 0:06:52]} Bb7 {[%clk 0:32:28]} 32. Rd4
{[%clk 0:07:09]} g5 {[%clk 0:21:15]} 33. f5 {[%clk 0:03:23]} h5 {[%clk 0:17:15]}
34. g4 {[%clk 0:02:35]} h4 {[%clk 0:12:10]} 35. Kf2 {[%clk 0:02:55]} Kg8
{[%clk 0:12:30]} 36. Ke3 {[%clk 0:02:05]} Bf8 {[%clk 0:12:50]} 37. Bxf8
{[%clk 0:01:25]} Kxf8 {[%clk 0:11:58]} 38. b4 {[%clk 0:01:34]} Re7
{[%clk 0:07:59]} 39. a4 {[%clk 0:01:19]} Re5 {[%clk 0:04:29]} 40. b5
{[%clk 0:00:44]} Ke7 {[%clk 0:03:26]} 41. Kd3 {[%clk 0:27:50]} a5
{[%clk 0:27:07]} 42. Ke3 {[%clk 0:26:20]} Ba8 {[%clk 0:27:16]} 43. Kd3
{[%clk 0:25:39]} Bb7 {[%clk 0:27:39]} 44. Ke3 {[%clk 0:25:44]} Ba8 1/2-1/2

[Event "Open Praha 2018 - A"]
[Site "?"]
[Date "2018.01.15"]
[Round "5"]
[White "Michalczak, Thomas"]
[Black "Kaasen, Tor Fredrik"]
[Result "1-0"]
[BlackElo "2340"]
[WhiteElo "2208"]
[LiveChessVersion "1.4.8"]

1. e4 {[%clk 1:30:59]} e5 {[%clk 1:29:35]} 2. Nf3 {[%clk 1:31:23]} Nc6
{[%clk 1:30:01]} 3. Bb5 {[%clk 1:31:49]} a6 {[%clk 1:30:06]} 4. Ba4
{[%clk 1:32:15]} Nf6 {[%clk 1:30:05]} 5. O-O {[%clk 1:32:39]} Be7
{[%clk 1:30:16]} 6. Re1 {[%clk 1:33:04]} b5 {[%clk 1:30:30]} 7. Bb3
{[%clk 1:33:30]} d6 {[%clk 1:30:54]} 8. c3 {[%clk 1:33:55]} O-O {[%clk 1:31:17]}
9. h3 {[%clk 1:34:22]} Nb8 {[%clk 1:31:03]} 10. d4 {[%clk 1:34:33]} Nbd7
{[%clk 1:31:28]} 11. c4 {[%clk 1:34:51]} c6 {[%clk 1:29:38]} 12. Qc2
{[%clk 1:35:15]} Bb7 {[%clk 1:27:57]} 13. Nc3 {[%clk 1:35:27]} b4
{[%clk 1:21:32]} 14. Ne2 {[%clk 1:32:04]} a5 {[%clk 1:13:45]} 15. a4
{[%clk 1:28:27]} Re8 {[%clk 1:09:07]} 16. c5 {[%clk 1:26:59]} exd4
{[%clk 1:03:59]} 17. cxd6 {[%clk 1:14:33]} Bxd6 {[%clk 1:03:21]} 18. Nexd4
{[%clk 1:14:18]} c5 {[%clk 0:57:25]} 19. Ng5 {[%clk 1:07:12]} Ne5
{[%clk 0:52:28]} 20. Nf5 {[%clk 0:40:51]} h6 {[%clk 0:41:43]} 21. Rd1
{[%clk 0:13:22]} Ra6 {[%clk 0:41:26]} 22. Nxf7 {[%clk 0:07:41]} Nxf7
{[%clk 0:39:26]} 23. e5 {[%clk 0:08:04]} Rxe5 {[%clk 0:27:41]} 24. Nxh6+
{[%clk 0:08:26]} gxh6 {[%clk 0:28:03]} 25. Qg6+ {[%clk 0:08:51]} Kh8
{[%clk 0:28:29]} 26. Bxf7 {[%clk 0:09:00]} Be4 {[%clk 0:19:19]} 27. Qxh6+
{[%clk 0:09:25]} Bh7 {[%clk 0:15:20]} 28. Bg5 {[%clk 0:08:06]} Rxg5
{[%clk 0:14:59]} 29. Qxg5 {[%clk 0:08:30]} Qe7 {[%clk 0:15:03]} 30. Bc4
{[%clk 0:08:38]} Ra8 {[%clk 0:15:08]} 31. Re1 {[%clk 0:09:03]} Qg7
{[%clk 0:14:41]} 32. Qxg7+ {[%clk 0:09:15]} Kxg7 {[%clk 0:15:10]} 33. Rad1
{[%clk 0:09:36]} Rd8 {[%clk 0:14:50]} 34. Bb3 {[%clk 0:08:28]} Bf5
{[%clk 0:11:31]} 35. g4 {[%clk 0:08:30]} Bc8 {[%clk 0:11:42]} 36. f4
{[%clk 0:07:24]} Kf8 {[%clk 0:10:14]} 37. f5 {[%clk 0:04:09]} Bb7
{[%clk 0:06:59]} 38. Re6 {[%clk 0:04:03]} Ne4 {[%clk 0:03:05]} 39. Rh6
{[%clk 0:02:24]} c4 {[%clk 0:00:32]} 40. Rh8+ {[%clk 0:02:38]} Ke7
{[%clk 0:01:01]} 41. Rxd8 {[%clk 0:29:06]} cxb3 {[%clk 0:27:56]} 42. R8xd6
{[%clk 0:21:38]} Nxd6 {[%clk 0:28:19]} 43. f6+ {[%clk 0:22:02]} Ke6
{[%clk 0:28:24]} 44. g5 {[%clk 0:22:30]} Be4 {[%clk 0:25:17]} 45. h4
{[%clk 0:21:40]} Bg6 {[%clk 0:23:44]} 46. Re1+ {[%clk 0:20:55]} Kd5
{[%clk 0:17:26]} 47. Re7 {[%clk 0:16:19]} Nf7 {[%clk 0:17:13]} 48. Ra7
{[%clk 0:16:19]} Ke4 {[%clk 0:15:58]} 49. Rxa5 {[%clk 0:16:34]} Ne5
{[%clk 0:15:24]} 50. Rxe5+ {[%clk 0:15:31]} Kxe5 {[%clk 0:15:44]} 51. a5
{[%clk 0:15:55]} Kd5 {[%clk 0:13:25]} 52. Kf2 {[%clk 0:16:04]} Kc5
{[%clk 0:13:46]} 53. Kf3 {[%clk 0:16:27]} Kb5 {[%clk 0:13:39]} 54. Kg4
{[%clk 0:16:51]} 1-0

[Event "Open Praha 2018 - A"]
[Site "?"]
[Date "2018.01.15"]
[Round "5"]
[White "Makoveev, Ilia"]
[Black "Liu, Yi"]
[Result "0-1"]
[BlackElo "2337"]
[WhiteElo "2196"]
[LiveChessVersion "1.4.8"]

1. e4 {[%clk 1:30:56]} e6 {[%clk 1:20:23]} 2. d4 {[%clk 1:31:08]} d5
{[%clk 1:20:48]} 3. Nc3 {[%clk 1:31:08]} Nf6 {[%clk 1:20:56]} 4. e5
{[%clk 1:31:13]} Nfd7 {[%clk 1:21:23]} 5. f4 {[%clk 1:31:22]} c5 {[%clk 1:21:40]}
6. Nf3 {[%clk 1:31:33]} Nc6 {[%clk 1:22:07]} 7. Be3 {[%clk 1:31:38]} cxd4
{[%clk 1:20:33]} 8. Nxd4 {[%clk 1:31:57]} Bc5 {[%clk 1:20:50]} 9. Qd2
{[%clk 1:31:47]} O-O {[%clk 1:20:24]} 10. O-O-O {[%clk 1:31:58]} Bxd4
{[%clk 1:19:43]} 11. Bxd4 {[%clk 1:32:09]} Qa5 {[%clk 1:20:11]} 12. Kb1
{[%clk 1:26:37]} Rb8 {[%clk 1:20:00]} 13. g4 {[%clk 0:48:01]} b5 {[%clk 1:19:30]}
14. Bg2 {[%clk 0:43:10]} Nxd4 {[%clk 1:11:09]} 15. Qxd4 {[%clk 0:43:31]} b4
{[%clk 1:11:22]} 16. Ne2 {[%clk 0:43:44]} Ba6 {[%clk 1:10:53]} 17. Nc1
{[%clk 0:43:13]} Rfc8 {[%clk 1:10:02]} 18. Rhe1 {[%clk 0:22:34]} Qc7
{[%clk 0:53:09]} 19. Rd2 {[%clk 0:21:01]} Bc4 {[%clk 0:51:08]} 20. Bf1
{[%clk 0:14:49]} Bxf1 {[%clk 0:46:25]} 21. Rxf1 {[%clk 0:15:19]} Nc5
{[%clk 0:46:21]} 22. f5 {[%clk 0:10:42]} Ne4 {[%clk 0:46:19]} 23. Re2
{[%clk 0:10:55]} Rb6 {[%clk 0:42:02]} 24. Nd3 {[%clk 0:07:49]} Rc6
{[%clk 0:36:17]} 25. Rc1 {[%clk 0:07:34]} a5 {[%clk 0:31:40]} 26. f6
{[%clk 0:05:20]} Rc4 {[%clk 0:29:14]} 27. Qe3 {[%clk 0:05:31]} a4
{[%clk 0:29:00]} 28. Ka1 {[%clk 0:01:53]} b3 {[%clk 0:27:58]} 29. a3
{[%clk 0:00:32]} Rxc2 {[%clk 0:26:00]} 30. Rexc2 {[%clk 0:00:48]} bxc2
{[%clk 0:26:29]} 31. fxg7 {[%clk 0:00:36]} Nc5 {[%clk 0:17:54]} 32. Nxc5
{[%clk 0:00:39]} Qxc5 {[%clk 0:18:22]} 33. Qd3 {[%clk 0:00:31]} Qc4
{[%clk 0:17:49]} 34. Qd2 {[%clk 0:00:37]} d4 {[%clk 0:17:57]} 35. g5
{[%clk 0:00:38]} Kxg7 {[%clk 0:13:56]} 36. h4 {[%clk 0:00:37]} d3
{[%clk 0:14:19]} 37. h5 {[%clk 0:00:49]} Qb3 {[%clk 0:12:47]} 38. Qf4 Rb8
{[%clk 0:13:04]} 39. h6+ {[%clk 0:00:48]} Kg8 {[%clk 0:13:15]} 40. Qd4
{[%clk 0:00:31]} d2 {[%clk 0:13:26]} 0-1

[Event "Open Praha 2018 - A"]
[Site "?"]
[Date "2018.01.15"]
[Round "5"]
[White "Stoynov, Yordan"]
[Black "Sergienko, Sergey"]
[Result "1/2-1/2"]
[BlackElo "2329"]
[WhiteElo "2163"]
[LiveChessVersion "1.4.8"]

1. e4 {[%clk 1:30:57]} g6 {[%clk 1:30:21]} 2. d4 {[%clk 1:31:15]} Bg7
{[%clk 1:30:45]} 3. Nc3 {[%clk 1:31:34]} c6 {[%clk 1:30:43]} 4. h3
{[%clk 1:29:34]} d6 {[%clk 1:27:40]} 5. a4 {[%clk 1:28:35]} Nf6 {[%clk 1:25:44]}
6. Be3 {[%clk 1:26:32]} a5 {[%clk 1:23:22]} 7. g4 {[%clk 1:23:28]} h5
{[%clk 1:21:10]} 8. g5 {[%clk 1:23:44]} Nh7 {[%clk 1:21:16]} 9. Bg2
{[%clk 1:22:59]} Nd7 {[%clk 1:14:42]} 10. Nge2 {[%clk 1:21:24]} e5
{[%clk 1:13:10]} 11. Qd2 {[%clk 1:21:36]} O-O {[%clk 1:11:03]} 12. O-O-O
{[%clk 1:20:25]} b5 {[%clk 0:50:15]} 13. axb5 {[%clk 1:19:22]} cxb5
{[%clk 0:50:31]} 14. Nxb5 {[%clk 1:19:23]} Ba6 {[%clk 0:50:13]} 15. Nec3
{[%clk 1:16:16]} Bxb5 {[%clk 0:33:29]} 16. Nxb5 {[%clk 1:15:54]} Rb8
{[%clk 0:33:56]} 17. Bf1 {[%clk 1:15:43]} Rxb5 {[%clk 0:22:36]} 18. Bxb5
{[%clk 1:15:23]} exd4 {[%clk 0:23:02]} 19. Bxd4 {[%clk 1:15:19]} Bxd4
{[%clk 0:23:24]} 20. Qxd4 {[%clk 1:15:24]} Qxg5+ {[%clk 0:23:43]} 21. f4
{[%clk 1:15:27]} Qxb5 {[%clk 0:23:47]} 22. Qxd6 {[%clk 1:15:36]} Nb6
{[%clk 0:21:45]} 23. f5 {[%clk 1:14:37]} Nc4 {[%clk 0:15:17]} 24. Qd4
{[%clk 1:13:48]} Rb8 {[%clk 0:13:28]} 25. b3 {[%clk 1:11:07]} Ne5
{[%clk 0:13:26]} 26. fxg6 {[%clk 1:08:49]} Nxg6 {[%clk 0:13:44]} 27. Rhg1
{[%clk 1:08:31]} Nhf8 {[%clk 0:13:54]} 28. Qd5 {[%clk 1:08:31]} Qb4
{[%clk 0:12:20]} 29. Qd6 {[%clk 1:07:14]} Qb7 {[%clk 0:11:37]} 30. Rd4
{[%clk 1:06:47]} Re8 {[%clk 0:10:24]} 31. Ra4 {[%clk 1:00:41]} Qb5
{[%clk 0:07:51]} 32. Qd2 {[%clk 0:56:44]} Re5 {[%clk 0:07:58]} 33. Rc4
{[%clk 0:56:49]} Qe8 {[%clk 0:07:49]} 34. Qc3 {[%clk 0:55:33]} Rxe4
{[%clk 0:06:32]} 35. Rc5 {[%clk 0:55:24]} Re3 {[%clk 0:05:21]} 36. Qxa5
{[%clk 0:55:33]} Rxh3 {[%clk 0:05:04]} 37. Re5 {[%clk 0:54:34]} Qc8
{[%clk 0:03:23]} 38. Rxh5 {[%clk 0:54:56]} Rxh5 {[%clk 0:02:57]} 39. Qxh5
{[%clk 0:55:13]} Qc3 {[%clk 0:02:58]} 40. Kb1 {[%clk 0:55:19]} Ne6
{[%clk 0:01:53]} 41. Rxg6+ {[%clk 0:48:16]} fxg6 {[%clk 0:01:51]} 42. Qxg6+
{[%clk 0:48:37]} Ng7 {[%clk 0:02:17]} 43. Ka2 {[%clk 0:48:59]} Kf8
{[%clk 0:02:20]} 1/2-1/2

[Event "Open Praha 2018 - A"]
[Site "?"]
[Date "2018.01.15"]
[Round "5"]
[White "Mishuchkov, Nikolai"]
[Black "Tarun, V Kanth"]
[Result "1/2-1/2"]
[BlackElo "2077"]
[WhiteElo "2303"]
[LiveChessVersion "1.4.8"]

1. d4 {[%clk 1:30:56]} Nf6 {[%clk 1:30:47]} 2. Nf3 {[%clk 1:31:19]} e6
{[%clk 1:31:08]} 3. c4 {[%clk 1:28:42]} d5 {[%clk 1:31:26]} 4. e3
{[%clk 1:28:58]} Be7 {[%clk 1:31:37]} 5. Bd3 {[%clk 1:29:09]} O-O
{[%clk 1:30:57]} 6. O-O {[%clk 1:29:26]} b6 {[%clk 1:30:56]} 7. b3
{[%clk 1:28:18]} Bb7 {[%clk 1:31:09]} 8. Bb2 {[%clk 1:28:20]} Nbd7
{[%clk 1:31:02]} 9. cxd5 {[%clk 1:28:23]} Nxd5 {[%clk 1:29:53]} 10. Nc3
{[%clk 1:25:01]} N7f6 {[%clk 1:26:32]} 11. Qe2 {[%clk 1:02:57]} Nxc3
{[%clk 1:22:08]} 12. Bxc3 {[%clk 1:03:21]} Qd5 {[%clk 1:17:20]} 13. Ba6
{[%clk 1:02:26]} Ne4 {[%clk 1:15:34]} 14. Bb2 {[%clk 1:01:50]} Rfd8
{[%clk 1:06:08]} 15. Bxb7 {[%clk 0:57:54]} Qxb7 {[%clk 1:06:26]} 16. Rfd1
{[%clk 0:57:45]} Rac8 {[%clk 1:05:33]} 17. Ne5 {[%clk 0:54:33]} c5
{[%clk 0:58:15]} 18. dxc5 {[%clk 0:48:24]} Nxc5 {[%clk 0:57:23]} 19. Qf3
{[%clk 0:40:44]} Qxf3 20. gxf3 {[%clk 0:38:38]} f6 {[%clk 0:53:01]} 21. Rxd8+
{[%clk 0:37:27]} Bxd8 {[%clk 0:52:33]} 22. Nc4 {[%clk 0:37:31]} Be7
{[%clk 0:48:32]} 23. Rd1 {[%clk 0:35:43]} Rd8 {[%clk 0:46:56]} 24. Rxd8+ 1/2-1/2

[Event "Open Praha 2018 - A"]
[Site "Praha (CZE)"]
[Date "2018.01.15"]
[Round "5"]
[White "Tuma, Jiri"]
[Black "Parnali, S Dharia"]
[Result "1-0"]
[WhiteElo "2272"]
[BlackElo "2082"]
[PlyCount "33"]
[EventDate "2018.01.12"]

1. e4 e5 2. Nf3 Nc6 3. Nc3 Nf6 4. d4 exd4 5. Nd5 Nxd5 6. exd5 Bb4+ 7. Bd2 Bxd2+
8. Qxd2 Qe7+ 9. Be2 Nb4 10. O-O O-O 11. Nxd4 Nxd5 12. Nf5 Qe5 13. Qxd5 Qxe2 14.
Rfe1 Qxc2 15. Qe5 f6 16. Qd5+ Kh8 17. Qf7 1-0

[Event "Open Praha 2018 - A"]
[Site "Praha (CZE)"]
[Date "2018.01.15"]
[Round "5"]
[White "Nitish, Belurkar"]
[Black "Krivanek, Vladimir"]
[Result "1-0"]
[WhiteElo "2270"]
[BlackElo "2076"]
[PlyCount "77"]
[EventDate "2018.01.12"]

1. e4 b6 2. d4 Bb7 3. Bd3 Nc6 4. c3 e5 5. d5 Nce7 6. Nd2 Ng6 7. Ne2 Nf6 8. O-O
Be7 9. Nc4 O-O 10. Ne3 d6 11. c4 a5 12. b3 Bc8 13. Nf5 Nd7 14. g3 Bf6 15. Rb1
Nc5 16. Bc2 Ne7 17. f4 Nxf5 18. exf5 Re8 19. g4 exf4 20. Bxf4 Ne4 21. Bxe4 Rxe4
22. Ng3 Rd4 23. Qf3 Rxf4 24. Qxf4 Be5 25. Qf3 Qh4 26. Rfe1 Bd7 27. Rbd1 Re8 28.
Re2 f6 29. Nh5 g6 30. fxg6 hxg6 31. Rxe5 gxh5 32. Rxe8+ Bxe8 33. Rf1 Kf7 34.
gxh5 Bd7 35. Qf4 Bg4 36. h6 f5 37. Qg3 Qxh6 38. Qxg4 Qe3+ 39. Kh1 1-0

[Event "Open Praha 2018 - A"]
[Site "Praha (CZE)"]
[Date "2018.01.15"]
[Round "5"]
[White "Druska, Juraj"]
[Black "Hrdina, Robin"]
[Result "1-0"]
[WhiteElo "2435"]
[BlackElo "2156"]
[PlyCount "135"]
[EventDate "2018.01.12"]

1. e4 c5 2. Nf3 e6 3. d4 cxd4 4. Nxd4 a6 5. Bd3 Nf6 6. O-O Qc7 7. Qe2 d6 8. c4
Be7 9. Nc3 Nc6 10. Be3 Ne5 11. f3 O-O 12. Rac1 b6 13. b3 Bb7 14. Bb1 Rac8 15.
Rfd1 Rfe8 16. Qf2 Ned7 17. Bd3 Qb8 18. Bf1 Bd8 19. Kh1 Bc7 20. b4 d5 21. cxd5
exd5 22. Nxd5 Nxd5 23. exd5 Bxh2 24. Rxc8 Bxc8 25. Nf5 Nf6 26. d6 Bxf5 27. Kxh2
b5 28. Kg1 Nd7 29. Bc5 Re5 30. f4 Re6 31. a4 h5 32. axb5 axb5 33. Qa2 Qb7 34.
Ra1 Re8 35. Qa6 Nxc5 36. bxc5 Qd5 37. Qxb5 Rc8 38. Rc1 Qd2 39. Qc4 Qe3+ 40. Kh1
Be4 41. Qc3 Qxf4 42. Re1 Qh4+ 43. Kg1 Bc6 44. Qh3 Qd4+ 45. Kh1 Re8 46. Rxe8+
Bxe8 47. Qxh5 g6 48. Qe2 Bb5 49. Qe1 Qxc5 50. Bxb5 Qh5+ 51. Kg1 Qxb5 52. Qd1
Kf8 53. Qd4 f5 54. Qf6+ Kg8 55. Qxg6+ Kh8 56. Qf6+ Kh7 57. Qe7+ Kg6 58. Qe6+
Kg7 59. d7 Qb1+ 60. Kh2 Qb8+ 61. Kh3 Qh8+ 62. Kg3 Qb8+ 63. Kf3 Qb7+ 64. Kf4
Qb4+ 65. Kxf5 Qb1+ 66. Kg4 Qb4+ 67. Kh3 Qc3+ 68. g3 1-0

[Event "Open Praha 2018 - A"]
[Site "Praha (CZE)"]
[Date "2018.01.15"]
[Round "5"]
[White "Szpar, Milosz"]
[Black "Sosovicka, Jakub"]
[Result "1-0"]
[WhiteElo "2367"]
[BlackElo "2111"]
[PlyCount "63"]
[EventDate "2018.01.12"]

1. e4 c5 2. Nf3 d6 3. d4 cxd4 4. Nxd4 Nf6 5. Nc3 a6 6. Bg5 Nbd7 7. Qe2 e6 8. f4
Qc7 9. O-O-O Be7 10. Nf3 e5 11. g4 O-O 12. f5 Kh8 13. Rg1 b5 14. Bxf6 Nxf6 15.
g5 Nh5 16. Nd5 Qd8 17. Kb1 Nf4 18. Nxf4 exf4 19. Qd2 Qb6 20. Qxf4 f6 21. h4 Bb7
22. Bd3 Rad8 23. h5 d5 24. h6 gxh6 25. g6 Rg8 26. Qxh6 Rg7 27. e5 d4 28. exf6
Bxf6 29. Ng5 Bxg5 30. Qxg5 Rf8 31. Rde1 Qd6 32. Re6 1-0

[Event "Open Praha 2018 - A"]
[Site "Praha (CZE)"]
[Date "2018.01.15"]
[Round "5"]
[White "Thakur, Akash"]
[Black "Sernecki, Franciszek"]
[Result "1-0"]
[WhiteElo "2338"]
[BlackElo "2127"]
[PlyCount "59"]
[EventDate "2018.01.12"]

1. e4 e6 2. d4 d5 3. Nd2 dxe4 4. Nxe4 Nd7 5. Nf3 Ngf6 6. Bd3 Nxe4 7. Bxe4 Nf6
8. Bg5 c5 9. O-O cxd4 10. Nxd4 Be7 11. Bf3 O-O 12. Re1 Nd5 13. Bxe7 Nxe7 14.
Nb5 Qb6 15. c4 Rd8 16. c5 Rxd1 17. Rexd1 Qa5 18. b4 Bd7 19. bxa5 Bxb5 20. Bxb7
Rb8 21. a6 Kf8 22. Rac1 Bc6 23. Rd6 Bd5 24. c6 Nxc6 25. Rdxc6 Bxc6 26. Rxc6 Ke7
27. Rc7+ Kf6 28. g3 g5 29. Be4 Rb6 30. Rxa7 1-0

[Event "Open Praha 2018 - A"]
[Site "Praha (CZE)"]
[Date "2018.01.15"]
[Round "5"]
[White "Storme, Isak"]
[Black "Jablonicky, Martin"]
[Result "1/2-1/2"]
[WhiteElo "2171"]
[BlackElo "2330"]
[PlyCount "48"]
[EventDate "2018.01.12"]

1. e4 Nf6 2. e5 Nd5 3. d4 d6 4. Nf3 dxe5 5. Nxe5 c6 6. c3 Bf5 7. Bd3 Bxd3 8.
Qxd3 Nd7 9. O-O e6 10. Qg3 Qf6 11. Nxd7 Kxd7 12. c4 Bd6 13. Qb3 Nc7 14. Nc3
Rhb8 15. d5 exd5 16. cxd5 cxd5 17. Nxd5 Qe6 18. Rd1 Nxd5 19. Qxd5 Qxd5 20. Rxd5
Kc6 21. Rxd6+ Kxd6 22. Bf4+ Ke6 23. Re1+ Kd7 24. Rd1+ Ke6 1/2-1/2

[Event "Open Praha 2018 - A"]
[Site "Praha (CZE)"]
[Date "2018.01.15"]
[Round "5"]
[White "Ludvik, Tomas"]
[Black "Chkhaidze, Nikoloz"]
[Result "1/2-1/2"]
[WhiteElo "2165"]
[BlackElo "2306"]
[PlyCount "61"]
[EventDate "2018.01.12"]

1. d4 Nf6 2. c4 g6 3. Nc3 d5 4. cxd5 Nxd5 5. e4 Nxc3 6. bxc3 Bg7 7. Nf3 c5 8.
Rb1 O-O 9. Be2 cxd4 10. cxd4 Qa5+ 11. Bd2 Qxa2 12. O-O Bg4 13. Bg5 h6 14. Be3
Nc6 15. d5 Ne5 16. Rxb7 a5 17. h3 Nxf3+ 18. Bxf3 Bxf3 19. Qxf3 Qc4 20. Rc1 Qa6
21. Rxe7 a4 22. Rc6 Qd3 23. Rf6 a3 24. Rfxf7 Be5 25. Rxe5 Rxf7 26. Qg4 Rf6 27.
Qd7 a2 28. Re8+ Rxe8 29. Qxe8+ Kg7 30. Qe7+ Kg8 31. Qe8+ 1/2-1/2

[Event "Open Praha 2018 - A"]
[Site "Praha (CZE)"]
[Date "2018.01.15"]
[Round "5"]
[White "Rosenbaum, Vit"]
[Black "Claridge-Hansen, William"]
[Result "0-1"]
[WhiteElo "2123"]
[BlackElo "2304"]
[PlyCount "116"]
[EventDate "2018.01.12"]

1. e4 c5 2. Nc3 Nc6 3. g3 g6 4. Bg2 Bg7 5. d3 e5 6. Be3 d6 7. Qd2 Nge7 8. Bh6
Bxh6 9. Qxh6 Ng8 10. Qd2 h5 11. O-O-O Nf6 12. f4 Be6 13. Rf1 Nd4 14. Nf3 exf4
15. Qxf4 Nxf3 16. Bxf3 O-O 17. Bd1 Ne8 18. h4 Kg7 19. g4 hxg4 20. Bxg4 Bxg4 21.
Qxg4 Nf6 22. Qg2 Rh8 23. Qf3 Qe7 24. Kb1 Rh5 25. Ne2 Rah8 26. Qf4 Nd7 27. Rhg1
Rxh4 28. Qf2 Ne5 29. Nf4 Rh2 30. Qe1 Qh4 31. Qe3 Rh1 32. b3 Rxg1 33. Rxg1 Qe7
34. Nd5 Qe6 35. d4 Nc6 36. dxc5 dxc5 37. Qxc5 Qxe4 38. Rf1 Rh1 39. Rxh1 Qxh1+
40. Kb2 Qe4 41. c3 Qe5 42. Qc4 g5 43. b4 f5 44. Qb5 Kg6 45. Qc5 Kh5 46. a4 Nxb4
47. Qxb4 Qxd5 48. Qe7 f4 49. Qe2+ f3 50. Qh2+ Kg6 51. Qf2 Qe4 52. Qc5 Kh5 53.
Qc7 Kg4 54. Qd7+ Kg3 55. Kb3 f2 56. Qd1 Kg2 57. Qd2 Qf4 58. Qe2 Kg1 0-1

[Event "Open Praha 2018 - A"]
[Site "Praha (CZE)"]
[Date "2018.01.15"]
[Round "5"]
[White "Wiley, Thomas"]
[Black "Ratsma, Rosa"]
[Result "1-0"]
[WhiteElo "2118"]
[BlackElo "2287"]
[PlyCount "81"]
[EventDate "2018.01.12"]

1. d4 Nf6 2. c4 e6 3. Nc3 Bb4 4. e3 O-O 5. Nge2 c6 6. a3 Ba5 7. b4 Bc7 8. Ng3
d5 9. Bb2 Nbd7 10. cxd5 exd5 11. Be2 Re8 12. O-O Nb6 13. b5 g6 14. bxc6 bxc6
15. Re1 Rb8 16. Ra2 Be6 17. Na4 Ne4 18. Nxb6 Rxb6 19. Ba1 Qh4 20. Bd3 f5 21.
Nf1 Reb8 22. f3 Nd6 23. Ree2 Nc4 24. Bc3 Rb3 25. Bb4 Rxd3 26. Qxd3 a5 27. Be1
Qf6 28. Bg3 Bxg3 29. hxg3 Bc8 30. e4 Ba6 31. exf5 gxf5 32. Re1 a4 33. Nd2 Kg7
34. Raa1 Rb2 35. Nxc4 Bxc4 36. Qe3 Rb3 37. Qf4 Rd3 38. Re5 c5 39. dxc5 Qf8 40.
Qg5+ Kh8 41. Kh2 1-0

[Event "Open Praha 2018 - A"]
[Site "Praha (CZE)"]
[Date "2018.01.15"]
[Round "5"]
[White "Hainke, Guntram"]
[Black "Riha, Vojtech"]
[Result "1-0"]
[WhiteElo "2283"]
[BlackElo "2110"]
[PlyCount "109"]
[EventDate "2018.01.12"]

1. d4 Nf6 2. c4 g6 3. Nc3 Bg7 4. e4 d6 5. Be2 O-O 6. Bg5 Na6 7. Nf3 e5 8. d5 h6
9. Bd2 Nc5 10. Qc2 a5 11. h3 Nh5 12. g3 f5 13. Nh4 Nf4 14. Bxf4 exf4 15. Nxg6
fxg3 16. fxg3 Re8 17. h4 Qf6 18. Nf4 Qd4 19. Qd2 Qxd2+ 20. Kxd2 fxe4 21. Ke3
Bd7 22. Rac1 Ra6 23. b3 c6 24. Rhf1 Rb6 25. Nh5 a4 26. bxa4 Ra8 27. Nxg7 Kxg7
28. Bh5 Be8 29. Bxe8 Rxe8 30. Rf4 Nd3 31. Rg4+ Kh8 32. Rf1 Ne5 33. Rxe4 Nxc4+
34. Kd4 Ne5 35. dxc6 bxc6 36. Rb1 Rxb1 37. Nxb1 Rg8 38. g4 Nf3+ 39. Ke3 Nxh4
40. a5 Ra8 41. Ra4 Ra6 42. Nd2 Ng6 43. Nc4 c5 44. Nb6 Kg7 45. Kd3 Ne5+ 46. Ke4
Nc6 47. Kd5 Rxa5 48. Kxc6 Rxa4 49. Nxa4 Kf6 50. Nc3 Ke5 51. a4 Kd4 52. Kxd6 c4
53. Nb5+ Kd3 54. a5 c3 55. Nxc3 1-0

[Event "Open Praha 2018 - A"]
[Site "Praha (CZE)"]
[Date "2018.01.15"]
[Round "5"]
[White "Lee, Qing Aun"]
[Black "Narendran, Gouthaman"]
[Result "1/2-1/2"]
[WhiteElo "2277"]
[BlackElo "2106"]
[PlyCount "28"]
[EventDate "2018.01.12"]

1. e4 c5 2. Nf3 d6 3. d4 cxd4 4. Nxd4 Nf6 5. Nc3 a6 6. Bg5 e6 7. f4 h6 8. Bh4
Qb6 9. a3 Be7 10. Bf2 Qc7 11. Qf3 Nbd7 12. O-O-O b5 13. g4 Bb7 14. Bg2 g5
1/2-1/2

[Event "Open Praha 2018 - A"]
[Site "Praha (CZE)"]
[Date "2018.01.15"]
[Round "5"]
[White "Kochukova, Anna"]
[Black "Zwahr, Paul"]
[Result "0-1"]
[WhiteElo "2110"]
[BlackElo "2269"]
[PlyCount "138"]
[EventDate "2018.01.12"]

1. e4 c5 2. Nf3 d6 3. d4 cxd4 4. Nxd4 Nf6 5. Nc3 a6 6. Bc4 e6 7. a3 Be7 8. Ba2
O-O 9. O-O b5 10. f4 Bb7 11. Qe2 Qc7 12. f5 e5 13. Nf3 h6 14. Kh1 Nbd7 15. Rd1
Rac8 16. Ne1 Nb6 17. Nd3 Na4 18. Nd5 Nxd5 19. exd5 Qxc2 20. Qg4 Bf6 21. Bxh6
Rc4 22. Qg3 Rd4 23. Bxg7 Bh4 24. Qf3 Nxb2 25. Nxb2 Rf4 26. Qd3 Qxb2 27. Bxf8
Kxf8 28. Rf1 Bf6 29. Qb3 Rxf1+ 30. Rxf1 Qe2 31. Rc1 Bg5 32. Qc2 Qe3 33. Rd1
Qxa3 34. Qc7 Qxa2 35. Qxb7 Kg7 36. Qd7 Qb3 37. f6+ Kg6 38. Qg4 Qc4 39. Qg3 b4
40. h4 Qxh4+ 41. Qxh4 Bxh4 42. Rb1 a5 43. Ra1 e4 44. Kg1 Bxf6 45. Rxa5 Bd4+ 46.
Kf1 f5 47. Rb5 Bc5 48. Rb8 Kf6 49. Re8 Kf7 50. Rb8 f4 51. Ke2 Kf6 52. Re8 Kf5
53. Re7 Bd4 54. Rb7 Bc3 55. Re7 b3 56. Kd1 b2 57. Kc2 e3 58. Re8 Be5 59. Rb8
Kg4 60. Kd3 Kg3 61. Ke2 Kxg2 62. Rg8+ Kh3 63. Rb8 Kg4 64. Rg8+ Kf5 65. Rb8 Ke4
66. Rb4+ Bd4 67. Rb3 f3+ 68. Kf1 e2+ 69. Ke1 Bc3+ 0-1

[Event "Open Praha 2018 - A"]
[Site "Praha (CZE)"]
[Date "2018.01.15"]
[Round "5"]
[White "Pantzar, Milton"]
[Black "Tatarintsev, Egor"]
[Result "1/2-1/2"]
[WhiteElo "2268"]
[BlackElo "2100"]
[PlyCount "73"]
[EventDate "2018.01.12"]

1. d4 Nf6 2. Nf3 e6 3. e3 b6 4. c4 Bb7 5. Nc3 Bb4 6. Bd3 Ne4 7. O-O Bxc3 8.
bxc3 f5 9. Qc2 O-O 10. Nd2 Qh4 11. f3 Nd6 12. Ba3 Rf6 13. Rf2 Nc6 14. Raf1 Raf8
15. c5 bxc5 16. Bxc5 Rh6 17. g3 Qg5 18. e4 fxe4 19. Nxe4 Nxe4 20. fxe4 Rxf2 21.
Rxf2 d6 22. Ba3 Rf6 23. Bc1 Rxf2 24. Bxg5 Rxc2 25. Bxc2 h6 26. Bc1 Na5 27. Bd3
d5 28. e5 Nc4 29. h4 Bc6 30. Kf2 Ba4 31. Ke2 Kf7 32. g4 Bb5 33. h5 a6 34. Ke1
Kf8 35. Bg6 Be8 36. Bd3 Bb5 37. Bg6 1/2-1/2